| 000 | 01029nam a2200289 a 4500 | ||
|---|---|---|---|
| 001 | 67731 | ||
| 003 | BD-RjUL | ||
| 005 | 20211209081704.0 | ||
| 008 | 170328s1979 caua b 000 0 eng | ||
| 020 |
_a0803911718. _a0803911726 |
||
| 035 | _a(BD-RjUL)67940 | ||
| 040 |
_aDLC _cDLC _dMYG _dBD-RjUL _beng |
||
| 041 | _aeng | ||
| 082 |
_223 _a155.418 _bCHI 1979 |
||
| 245 | 0 | 0 |
_aChildren communicating : _bmedia and development of thought, speech, understanding / _cEllen Wartella, editor. |
| 260 |
_aBeverly Hills, Calif. : _bSage Publications, _cc1979. |
||
| 300 |
_a286 p. : _bill. ; _c22 cm. |
||
| 490 | 1 | _aSage annual reviews of communications research ; v. 7 | |
| 504 | _aIncludes bibliographies. | ||
| 650 | 0 |
_aTelevision and children. _9200800 |
|
| 650 | 0 |
_aChild development. _9200801 |
|
| 650 | 0 |
_aCognition in children. _9140712 |
|
| 650 | 0 |
_aInterpersonal communication. _9200802 |
|
| 700 | 1 |
_aWartella, Ellen. _9200803 |
|
| 830 | 0 |
_aSage annual reviews of communication research ; _vv. 7. _9200805 |
|
| 942 |
_2ddc _cBK |
||
| 999 |
_c67731 _d67731 |
||